=LDR 00000nam 2200000 4500 =001 INLIS000000000047635 =005 20200513094849 =035 ##$$a 0010-021600000000023 =008 200513################g##########0#ind## =040 ##$$a NBPDMAT =082 ##$$a 297.14 =090 ##$$a 297.14 $bMuh y =100 ##$$a Muhammad Ibn Ali At-Turmudzi =245 1#$$a Yang terlarang /$c Muhammad ibn ali at-turmudzi; Penerjemah, Wawan djunaedi soffandi =250 ##$$a Cet. 1 =260 ##$$a Jakarta :$b Pustaka Azam,$c 2001 =300 ##$$a 282 hlm ; $c 15 x 24 cm =650 #4$$a Fiqih =850 ##$$a NBPDMAT =084 ##$$a 297.14 MUH y =520 ##$$a Judul asli : hlm. Al manhiyyaat =990 ##$$a 20602655 =990 ##$$a 51500642 =990 ##$$a 20602653